000 00454ntaaa2200181 4500
003 01
005 20251027202656.0
008 0714s1973 ag 01
040 _aAR-BaBN
_bspa
_cAR-BaBN
_eaacr
_dRIC
082 _a428.0000 N21e
100 _aNational Council of Teachers of English
_926308
245 _aEnglish for today, Book 3
250 _a1 ed.
260 _aNew York :
_bMcGraw-Hill,
_cc1964
300 _a175 p
650 _ainglés
942 _cBK
999 _c21924
_d21924